| 000 | 01007nam a22003137a 4500 | ||
|---|---|---|---|
| 003 | CHAP | ||
| 005 | 20220329143138.0 | ||
| 008 | 060809d2005 mx r 00110 spa d | ||
| 010 | _a92512 | ||
| 011 | _a93484 | ||
| 020 | _a9709471600 | ||
| 035 | _a104058 | ||
| 040 | _cCHAP | ||
| 082 | 0 | 4 |
_a338.27282 _bA5 |
| 100 | 1 |
_aAlvarez de la Borda, Joel. _94896 |
|
| 245 | 1 | 4 |
_aLos orígenes de la industria petrolera en México 1900-1925 _c/por Joel Alvarez de la Borda |
| 260 |
_aMéxico, D. F. : _bPetróleos Mexicanos, _c2005. |
||
| 300 |
_a308 p. : _bilus. |
||
| 590 |
_aBATCH-UPD _b10 _c20130110 _lUCH01 _h0751 |
||
| 590 |
_aBATCH-UPD _b10 _c20130410 _lUCH01 _h0431 |
||
| 590 |
_aBATCH-UPD _b10 _c20130914 _lUCH01 _h0256 |
||
| 590 |
_aCONVERSION _b10 _c20130109 _lUCH01 _h1351 |
||
| 650 | 1 | 4 |
_aPetróleo _xHistoria _xMéxico. _987664 |
| 650 | 1 | 4 |
_aPetróleo _xIndustria. _987665 |
| 901 | _aBK | ||
| 905 | _aLilia | ||
| 942 | _cLIBRO | ||
| 949 |
_a338.27282 A5 _bBC _cLIBRO _d33724000990073 _eLIBRO _h108140 _i104058 _si |
||
| 999 |
_c92512 _d92512 |
||